[Event "AUTO-ADV-979"]
[Site "http://www.queenalice.com/game.php?id=507253"]
[Date "2008.12.13"]
[Round "2"]
[White "Fredov"]
[Black "trajan42"]
[Result "0-1"]
[WhiteElo "1833"]
[BlackElo "2271"]

1. e4 e6 2. d4 d5 3. Nc3 Bb4 4. Ne2 Nf6 5. Bg5 dxe4 6. a3 Be7 7. g3 Nc6 8. Bg2
O-O 9. Nxe4 Nxe4 10. Bxe7 Nxf2 0-1

[Event "AUTO-ADV-986"]
[Site "http://www.queenalice.com/game.php?id=516737"]
[Date "2009.1.3"]
[Round "2"]
[White "rsgaspar"]
[Black "trajan42"]
[Result "0-1"]
[WhiteElo "1858"]
[BlackElo "2298"]

1. e4 e6 2. d4 d5 3. e5 c5 4. c3 Nc6 5. Nf3 Qb6 6. Na3 cxd4 7. Nb5 dxc3 8. Nxc3
Nh6 9. Bd3 Ng4 10. O-O Ngxe5 11. Bb5 Nxf3+ 12. Qxf3 d4 13. Bxc6+ Qxc6 14. Qxc6+
bxc6 15. Ne4 e5 16. f4 f5 17. Ng5 e4 18. a3 h6 19. Nh3 c5 20. Rd1 Rb8 21. Re1 c4
22. Bd2 Rxb2 23. Bc1 Rb3 24. Nf2 Kf7 25. h3 Bc5 26. Kf1 c3 27. Nxe4 Ba6+ 28. Kf2
fxe4 29. Rxe4 d3+ 30. Kg3 d2 31. Rc4 Bxc4 0-1

[Event "AUTO-ADV-986"]
[Site "http://www.queenalice.com/game.php?id=516738"]
[Date "2009.1.3"]
[Round "2"]
[White "trajan42"]
[Black "rsgaspar"]
[Result "1-0"]
[WhiteElo "2286"]
[BlackElo "1872"]

1. d4 d5 2. c4 c6 3. Nf3 e6 4. Qc2 h6 5. Nbd2 Nf6 6. e4 dxe4 7. Nxe4 Be7 8. Be2
O-O 9. O-O Nbd7 10. Nxf6+ Nxf6 11. Rd1 Qc7 12. b3 Rd8 13. g3 a6 14. Bf4 Bd6 15.
Ne5 Nd7 16. c5 Bxe5 17. Bxe5 Nxe5 18. dxe5 Rxd1+ 19. Rxd1 Bd7 20. f4 b6 21. Bf3
Rb8 22. Qd3 Rd8 23. Qd6 Qc8 24. cxb6 Qb7 25. Qc7 Qxc7 26. bxc7 1-0

[Event "AUTO-ADV-986"]
[Site "http://www.queenalice.com/game.php?id=516739"]
[Date "2009.1.3"]
[Round "2"]
[White "ekup"]
[Black "trajan42"]
[Result "1-0"]
[WhiteElo "1775"]
[BlackElo "2175"]

1. e4 e6 2. d4 d5 3. e5 c5 4. Nf3 Nc6 5. Bb5 cxd4 6. Bxc6+ bxc6 7. Nxd4 Ba6 8.
Nc3 Ne7 9. Bg5 Qb8 10. Bxe7 Bxe7 11. Rb1 Qxe5+ 12. Nde2 Bb4 13. O-O Bxc3 14.
Nxc3 Bxf1 15. Qxf1 Rb8 16. f4 Qd4+ 17. Kh1 O-O 18. Rd1 Qf6 19. Rb1 1-0

[Event "AUTO-ADV-986"]
[Site "http://www.queenalice.com/game.php?id=516740"]
[Date "2009.1.3"]
[Round "2"]
[White "trajan42"]
[Black "ekup"]
[Result "0-1"]
[WhiteElo "2198"]
[BlackElo "1745"]

1. d4 d5 2. c4 e6 3. Nc3 Nf6 4. cxd5 exd5 5. Bg5 Be7 6. e3 O-O 7. Bd3 Nc6 8. a3
Be6 9. Qc2 h6 10. Bxf6 Bxf6 11. Nge2 a6 12. Na4 Rb8 13. O-O Be7 14. Nc5 Bd6 15.
Nxe6 fxe6 16. f4 Ne7 17. e4 dxe4 18. Bc4 Nd5 19. Qxe4 Qd7 0-1

[Event "AUTO-OPEN-1232"]
[Site "http://www.queenalice.com/game.php?id=522570"]
[Date "2009.1.14"]
[Round "3"]
[White "trajan42"]
[Black "REUSKING"]
[Result "0-1"]
[WhiteElo "2262"]
[BlackElo "1966"]

1. d4 d5 2. c4 e6 3. Nf3 Nf6 4. Nc3 Be7 5. Bg5 O-O 6. e3 Nbd7 7. cxd5 Nxd5 8.
Bxe7 Qxe7 9. Rc1 c6 10. Qc2 N7f6 11. Be2 Bd7 12. O-O Rac8 13. Ne5 g6 14. Qb3 Nb6
15. a4 Rb8 16. e4 Nc8 17. Bd3 Nd6 18. f4 a6 19. Qb4 Nc8 20. Qxe7 Nxe7 0-1

[Event "AUTO-OPEN-1232"]
[Site "http://www.queenalice.com/game.php?id=522571"]
[Date "2009.1.14"]
[Round "3"]
[White "REUSKING"]
[Black "trajan42"]
[Result "0-1"]
[WhiteElo "1909"]
[BlackElo "2287"]

1. e4 e6 2. d4 d5 3. exd5 exd5 4. Bd3 Bd6 5. Ne2 Ne7 6. Bf4 O-O 7. O-O Nbc6 8.
c3 Bg4 9. f3 Bf5 10. Bxf5 Nxf5 11. Qd2 Re8 12. Ng3 Bxf4 13. Qxf4 Ne3 14. Rf2 g5
0-1

[Event "AUTO-OPEN-1232"]
[Site "http://www.queenalice.com/game.php?id=522572"]
[Date "2009.1.14"]
[Round "3"]
[White "trajan42"]
[Black "braseiko"]
[Result "0-1"]
[WhiteElo "2219"]
[BlackElo "1927"]

1. d4 Nf6 2. c4 c5 3. d5 g6 4. Nc3 Bg7 5. e4 d6 6. Nf3 O-O 7. Be2 e5 8. Bg5 a6
9. Qd2 Bg4 10. h3 Bxf3 11. gxf3 Nbd7 12. Bd3 Qa5 13. Rg1 Nh5 14. Ne2 Qxd2+ 15.
Kxd2 f6 16. Be3 b6 17. a4 a5 18. Nc3 Rf7 19. Nb5 Bf8 20. Bc2 Nb8 0-1

[Event "AUTO-OPEN-1232"]
[Site "http://www.queenalice.com/game.php?id=522573"]
[Date "2009.1.14"]
[Round "3"]
[White "braseiko"]
[Black "trajan42"]
[Result "1-0"]
[WhiteElo "1897"]
[BlackElo "2241"]

1. d4 Nf6 2. c4 e6 3. Nc3 Bb4 4. Qc2 d5 5. Nf3 dxc4 6. a3 Bxc3+ 7. bxc3 Qd5 8.
Nd2 b5 9. e4 Qc6 10. a4 a6 11. axb5 axb5 12. Rxa8 Qxa8 13. Be2 Bb7 14. Bf3 c5
15. O-O cxd4 16. cxd4 O-O 17. Bb2 Na6 18. Ra1 Rc8 19. d5 c3 20. Bxc3 1-0

[Event "AUTO-ADV-973"]
[Site "http://www.queenalice.com/game.php?id=525624"]
[Date "2009.1.19"]
[Round "3"]
[White "trajan42"]
[Black "Lesser"]
[Result "0-1"]
[WhiteElo "2282"]
[BlackElo "2010"]

1. d4 g6 2. Nf3 Bg7 3. c4 Nf6 4. Nc3 O-O 5. e4 d6 6. Be2 b6 7. O-O Bb7 8. Qc2
Nbd7 9. h3 c5 10. d5 Re8 11. Bf4 Nh5 12. Be3 e6 13. dxe6 Rxe6 14. Ng5 Re8 15.
Bxh5 h6 16. Nxf7 Kxf7 17. Be2 Ne5 18. f4 Nd7 19. f5 Kg8 0-1

[Event "AUTO-ADV-973"]
[Site "http://www.queenalice.com/game.php?id=525625"]
[Date "2009.1.19"]
[Round "3"]
[White "Lesser"]
[Black "trajan42"]
[Result "1-0"]
[WhiteElo "1981"]
[BlackElo "2304"]

1. e4 e6 2. d4 d5 3. e5 c5 4. c4 Nc6 5. Nf3 cxd4 6. cxd5 exd5 7. Bb5 Qa5+ 8.
Nbd2 Qxb5 9. Nb3 Bb4+ 10. Bd2 Be7 11. Bf4 Bg4 12. Nbxd4 Nxd4 13. Qxd4 Bc5 14.
Qd1 Ne7 15. a3 Qxb2 16. O-O O-O 17. Qd3 Bxf2+ 18. Rxf2 Qxa1+ 19. Rf1 Qa2 20. Ng5
Ng6 21. Rc1 1-0

[Event "Challenge"]
[Site "http://www.queenalice.com/game.php?id=544218"]
[Date "2009.2.21"]
[Round "-"]
[White "youwin"]
[Black "trajan42"]
[Result "0-1"]
[WhiteElo "1900"]
[BlackElo "2303"]

1. d4 Nf6 2. c4 e6 3. Nc3 Bb4 4. e3 O-O 5. Nf3 c5 6. Bd3 d5 7. O-O Nc6 8. a3
Bxc3 9. bxc3 Qc7 10. Re1 dxc4 11. Bxc4 h6 0-1